Carregant...

The tricks of the trade /

Dades bibliogràfiques
Autor principal: Fo, Dario
Altres autors: Hood, Stuart Clink
Format: Printed Book
Idioma:English
Publicat: New York : Routledge, c1991.
Matèries:
LEADER 00871 a2200229 4500
008 150103s9999 000 0 eng
020 |a 0878300074 
082 0 0 |a 792  
100 1 |a Fo, Dario. 
245 1 4 |a The tricks of the trade / 
260 |a New York :  |b Routledge,  |c c1991. 
300 |a 217 p.  
500 |a Translation of: Manuale minimo dell'attore. 
500 |a "A Theatre Arts book." 
500 |a Includes index. 
650 0 |a Theater. 
650 0 |a Commedia dell'arte. 
700 1 |a Hood, Stuart Clink. 
942 |c BK 
999 |c 301874  |d 301874 
952 |0 0  |1 0  |2 ddc  |4 0  |6 792_000000000000000_FO_TR  |7 0  |9 345228  |a DRA  |b DRA  |c ST1  |d 2010-09-20  |i 6408  |l 1  |o 792 FO/TR  |p DRA6408  |r 2013-11-19  |s 2013-10-23  |w 2010-09-20  |y BK 
952 |0 0  |1 0  |2 ddc  |4 0  |6 792_000000000000000_FO_TR  |7 0  |9 345229  |a DRA  |b DRA  |c ST1  |d 2010-09-20  |i 6492  |l 1  |o 792 FO/TR  |p DRA6492  |r 2019-05-06  |s 2019-02-22  |w 2019-01-03  |y BK